banner koha

Palinotaxonomia de espécies de Acacia (Leguminosae-Mimosoideae) no semi-árido brasileiro (Registro n. 328410)

MARC details
000 -LÍDER
fixed length control field 03663nab a2200301 i 4500
003 - CÓDIGO MARC DA AGÊNCIA CATALOGADORA
Campo de controle BR-BrBNA
005 - DATA E HORA DA ÚLTIMA ATUALIZAÇÃO
Campo de controle 20241104143117.0
008 - CAMPO DE TAMANHO FIXO
fixed length control field 241104b2008 bl.qr|pooa||| 00| 0 por |
040 ## - FONTE DA CATALOGAÇÃO
Agência catalogadora BR-BrBNA
Idioma da catalogação por
072 ## - CATEGORIA AGRIS
Código AGRIS F70
072 ## - CATEGORIA AGRIS
Código AGRIS F63
100 ## - ENTRADA PRINCIPAL - NOME PESSOAL
Nome pessoal Bocage, Ana Luiza Du
100 ## - ENTRADA PRINCIPAL - NOME PESSOAL
Nome pessoal Souza, Mariana Albuquerque de
100 ## - ENTRADA PRINCIPAL - NOME PESSOAL
Nome pessoal Miotto, Silvia Teresinha Sfoggia
100 ## - ENTRADA PRINCIPAL - NOME PESSOAL
Nome pessoal Gonçalves-Esteves, Vania
245 ## - TÍTULO PRINCIPAL
Título principal Palinotaxonomia de espécies de Acacia (Leguminosae-Mimosoideae) no semi-árido brasileiro
500 ## - NOTA GERAL
Nota geral Publicação on-line; 32 ref.; 4 tables; 2 illus.; Summaries (En, Pt)
942 ## - ADDED ENTRY ELEMENTS (KOHA)
Koha item type Analítica
520 ## - NOTA DE RESUMO
Nota de conteúdo <br/><br/>RESUMO<br/><br/>(Palinotaxonomia de espécies do gênero Acacia (Leguminosae-Mimosoideae) no semi-árido brasileiro) Foi<br/>realizado o estudo palinológico de 12 espécies de Acacia: A. farnesiana (Acacia subg. Acacia) e A. bahiensis,<br/>A. globosa, A. kallunkiae, A. langsdorffii, A. martiusiana, A. monacantha, A. piauhiensis, A. polyphylla, A.<br/>riparia, A. tenuifolia e A. velutina (Acacia subg. Aculeiferum). Os grãos de pólen foram acetolisados,<br/>medidos, descritos e ilustrados sob microscópio de luz e eletrônico de varredura. Os grãos de pólen em<br/>Acacia são reunidos em políades calimadas, médias ou grandes, de contorno esferoidal, em vista frontal e<br/>elíptico, em vista lateral, com 16 grãos de pólen, organizados de forma regular, com oito grãos de pólen em<br/>cada face, 4-porados. Em A. farnesiana, são observados 24-32 grãos de pólen organizados de forma irregular,<br/>3-sulcados. Os grãos de pólen da políade são pequenos, subquadrados na face distal e piramidal, quando em<br/>vista equatorial. A sexina é granulada ou rugulada, na maioria das espécies. Conclui-se que as espécies não<br/>podem ser separadas através das suas características palinológicas, com exceção de A. farnesiana.<br/><br/>Palavras-chave: palinologia, semi-árido, caatinga, Mimosaceae, Fabaceae.<br/>
520 ## - NOTA DE RESUMO
Nota de conteúdo <br/><br/>ABSTRACT<br/><br/>(Palynotaxonomy of the species of the Acacia (Leguminosae-Mimosoideae) from the Brasilian semi-arid<br/>region) The pollen of 12 species of Acacia: A. farnesiana (L.) Willd. (Acacia subg. Acacia) e A. bahiensis Benth.,<br/>A. globosa A. Bocage & S. Miotto, A. kallunkiae Grimes & Barneby, A. langsdorffii Benth., A. martiusiana<br/>(Steud.) Burkart, A. monacantha DC., A. piauhiensis Benth., A. polyphylla DC., A. riparia Kunth, A. tenuifolia<br/>(L.) Willd., and A. velutina DC. (Acacia subg. Aculeiferum) was studied. Material was acetolized, measured,<br/>described and illustrated using light and scanning electron microscopy. The pollen grains in Acacia are<br/>bound in medium or large calimad polyads, spheroidal in shape on frontal view and elliptical from the side,<br/>containing 16 pollen grains, organized regularly with 8 pollen grains on each side. Pollen grains are 4-porate.<br/>In A. farnesiana, 24-32 pollen grains are found irregularly organized, while pollen grains are 3-sulcate. The<br/>polyad pollen grains are small, subsquared on distal view and pyramidal on the equatorial view, sexine is<br/>thicker than the nexine. Species could not be separated by their palynological features, except for A. farnesiana.<br/><br/>Key words: palynology, semi-arid, caatinga, Mimosaceae, Fabaceae.
650 ## - ASSUNTO - THESAGRO
Cabeçalho tópico ou nome geográfico SEMI-ÁRIDO
650 ## - ASSUNTO - THESAGRO
Cabeçalho tópico ou nome geográfico CAATINGA
650 ## - ASSUNTO - THESAGRO
Cabeçalho tópico ou nome geográfico MIMOSOIDEAE
650 ## - ASSUNTO - THESAGRO
Cabeçalho tópico ou nome geográfico PÓLEN
773 0# - ENTRADA ANALÍTICA
Host Biblionumber 709
Registro do item 345890
Imprenta Rio de Janeiro-RJ Jardim Botanico do Rio de Janeiro 1935
Outro identificador 2024-6540
Título Rodriguésia (Brazil)
ISSN 0370-6583; 2175-7860 on-line
Colação v. 59(3) p. 587-596; (2008)
Número de controle de registro BR2024003279
856 ## - ACESSO E ENDEREÇO ELETRÔNICO
Identificador uniforme de recurso - URI https://www.scielo.br/j/rod/a/BjTq85SRVrr6x5F33fmKd9c/?format=pdf&lang=pt

Nenhum exemplar disponível.

BINAGRI

Telefone: (61)3218-2567/2388/3357/2097 - binagri@agro.gov.br

Ministério da Agricultura e Pecuária , Esplanada dos Ministérios, Bloco D, Anexo B, Brasília/DF, CEP: 70.043-900